• 首页
  • 本馆介绍
  • 公告通知
  • 最新文献
  • 馆藏检索
  • 电子资源
  • 读者导购
  • 参考咨询
  • 我的图书馆
  • 登录
  • 详细信息显示
  • 放入我的书架
  • 预约/预借图书
  • 作者相关作品
  • 分类相关作品
  • 丛书相关作品
  • 出版社相关作品

书目信息

  • 表格格式
  • 工作单格式
  • 卡片格式
题名:
刑法判例百选
    
 
作者: 周光权 主编
分册:  
出版信息: 北京   中国人民大学出版社  2022.09
页数: 478页
开本: 24cm
丛书名: 中国刑法司法适用疑难问题研究丛书
单 册:
中图分类:
科图分类:
主题词: 刑法--案例--中国 , 法律--中国
电子资源:
ISBN: 978-7-300-30961-3
000 01425nam 2200301 450
001 2355304234
005 20120619094128.57
010    @a978-7-300-30961-3@dCNY118.00
100    @a20221011d2022 em y0chiy50 ea
101 0  @achi
102    @aCN@b110000
105    @ay a 000yy
106    @ar
200 1  @a刑法判例百选@f主编周光权
210    @a北京@c中国人民大学出版社@d2022.09
215    @a478页@d24cm
225 2  @a中国刑法司法适用疑难问题研究丛书
314    @a周光权, 清华大学法学院院长、教授、博士研究生导师, 教育部长江学者特聘教授。
320    @a有书目
330    @a本书以刑法教义学的研究方法, 结合阶层犯罪论的逻辑和理念, 精选100个典型刑事判例, 并对判例中的疑难问题进行深入说理, 对不同的学说进行梳理论证, 注重建立刑法学说与案件处理之间的紧密关联性。本书致力于缩小理论与实务之间的距离, 注重客观性思考、体系性思考和功能性思考的同步推进, 通过对我国司法机关实际处理的大量案件进行分析和评价, 熔前沿刑法理论与司法实务于一炉, 为刑法研究者按照刑法学理论体系研究相关问题指引研究方向。同时, 为司法实务人员提供更严谨的分析思路, 得出妥当判决结论, 以改变判决依赖司法解释的现象, 使实务工作者树立罪刑法定、刑法谦抑、人权保障等基本理念, 更好地保障人民的权利。
410  0 @12001 @a中国刑法司法适用疑难问题研究丛书
606 0  @a刑法@x案例@y中国
606 0  @a法律@x中国
690    @a@v5
690    @aD924.05@v4
701  0 @a周光权@4主编
801  0 @aCN@b安徽时代出版发行有限公司@c20221011
905    @dD924.05@e1005
    
    刑法判例百选/主编周光权.-北京:中国人民大学出版社,2022.09
    478页;24cm.-(中国刑法司法适用疑难问题研究丛书)
    
    
    ISBN 978-7-300-30961-3:CNY118.00
    本书以刑法教义学的研究方法, 结合阶层犯罪论的逻辑和理念, 精选100个典型刑事判例, 并对判例中的疑难问题进行深入说理, 对不同的学说进行梳理论证, 注重建立刑法学说与案件处理之间的紧密关联性。本书致力于缩小理论与实务之间的距离, 注重客观性思考、体系性思考和功能性思考的同步推进, 通过对我国司法机关实际处理的大量案件进行分析和评价, 熔前沿刑法理论与司法实务于一炉, 为刑法研究者按照刑法学理论体系研究相关问题指引研究方向。同时, 为司法实务人员提供更严谨的分析思路, 得出妥当判决结论, 以改变判决依赖司法解释的现象, 使实务工作者树立罪刑法定、刑法谦抑、人权保障等基本理念, 更好地保障人民的权利。
●
相关链接 在E读中查询图书 在五车中查询图书 在当当中查询图书 在豆瓣中查询图书


正题名:刑法判例百选     索取号:D924.05/1005         预约/预借

序号 登录号 条形码 馆藏地/架位号 状态 备注
1 1411293   214112930   第一样本阅览室/ [索取号:D924.05/1005] 在馆    
2 1411294   214112949   第一借阅区/ [索取号:D924.05/1005] 在馆    
3 1411295   214112958   第一借阅区/ [索取号:D924.05/1005] 在馆    
唐山师范学院图书馆 欢迎您!
大连网信软件有限公司© 版权所有